LEADER 01767nam 2200553 450 001 9910480749303321 005 20180613001259.0 010 $a1-4704-0164-9 035 $a(CKB)3360000000464763 035 $a(EBL)3113913 035 $a(SSID)ssj0000889032 035 $a(PQKBManifestationID)11932393 035 $a(PQKBTitleCode)TC0000889032 035 $a(PQKBWorkID)10866010 035 $a(PQKB)11443095 035 $a(MiAaPQ)EBC3113913 035 $a(PPN)195414616 035 $a(EXLCZ)993360000000464763 100 $a20140903h19961996 uy 0 101 0 $aeng 135 $aur|n|---||||| 181 $ctxt 182 $cc 183 $acr 200 10$aLebesgue theory in the bidual of C(X) /$fSamuel Kaplan 210 1$aProvidence, Rhode Island, United States :$cAmerican Mathematical Society,$d1996. 210 4$dİ1996 215 $a1 online resource (143 p.) 225 1 $aMemoirs of the American Mathematical Society,$x0065-9266 ;$vVolume 121, Number 579 300 $a"May 1996, Volume 121, Number 579 (third of 4 numbers)"--Cover. 311 $a0-8218-0463-4 320 $aIncludes bibliographical references and indexes. 410 0$aMemoirs of the American Mathematical Society ;$vVolume 121, Number 579. 606 $aLebesgue integral 606 $aRadon measures 606 $aBanach lattices 608 $aElectronic books. 615 0$aLebesgue integral. 615 0$aRadon measures. 615 0$aBanach lattices. 676 $a515/.43 700 $aKaplan$b Samuel$f1916 September 13-2010,$0874097 801 0$bMiAaPQ 801 1$bMiAaPQ 801 2$bMiAaPQ 906 $aBOOK 912 $a9910480749303321 996 $aLebesgue theory in the bidual of C(X)$91951568 997 $aUNINA LEADER 00985oam 2200313zu 450 001 996205109103316 005 20210804000548.0 035 $a(CKB)3230000000022493 035 $a(SSID)ssj0000079445 035 $a(PQKBManifestationID)12015223 035 $a(PQKBTitleCode)TC0000079445 035 $a(PQKBWorkID)10076038 035 $a(PQKB)10375058 035 $a(EXLCZ)993230000000022493 100 $a20160829d1997 uy 101 0 $aeng 181 $ctxt 182 $cc 183 $acr 200 10$aEvaluation and Monitoring Strategies - The Pivital Role of the Cost of Capital 210 31$a[Place of publication not identified]$cThorogood$d1997 300 $aBibliographic Level Mode of Issuance: Monograph 311 $a1-85418-088-6 700 $aAllen$b David$0373746 801 0$bPQKB 906 $aBOOK 912 $a996205109103316 996 $aEvaluation and Monitoring Strategies - The Pivital Role of the Cost of Capital$92562268 997 $aUNISA LEADER 01155nas 2200397-a 450 001 996199822303316 005 20240413025720.0 035 $a(CKB)111088195278420 035 $a(CONSER)--2004212913 035 $a(EXLCZ)99111088195278420 100 $a20040121a20049999 --- a 101 0 $aeng 181 $ctxt$2rdacontent 182 $cc$2rdamedia 183 $acr$2rdacarrier 200 04$aThe American surveyor 210 $aFrederick, MD $cCheves Media$d[2004]- 215 $a1 online resource 300 $aTitle from cover. 311 $aPrint version: The American surveyor. (DLC) 2004212913 (OCoLC)54059778 1548-2669 531 $aAMERICAN SURVEYOR 531 0 $aAm. surv. 606 $aSurveying$vPeriodicals 606 $aSurveying$zUnited States$vPeriodicals 606 $aSurveying$2fast$3(OCoLC)fst01139579 607 $aUnited States$2fast 608 $aPeriodicals.$2fast 615 0$aSurveying 615 0$aSurveying 615 7$aSurveying. 676 $a526.9 906 $aJOURNAL 912 $a996199822303316 920 $aexl_impl conversion 996 $aThe American surveyor$92091417 997 $aUNISA